How to master the art of selling anything [
| Main Author: | |
|---|---|
| Format: | Book |
| Published: |
Arizona :
Tom Hopkins Champions Unlimited ,
1979
|
| Subjects: |
MARC
| LEADER | 00000cam a2200000 7i4500 | ||
|---|---|---|---|
| 001 | 0000001438 | ||
| 002 | 000001582 | ||
| 005 | 20021111.0 | ||
| 020 | |a T000000222 | ||
| 090 | 0 | 0 | |a 658.81 |b HOP |
| 100 | 1 | |a Hopkins, Tom | |
| 245 | 1 | 0 | |a How to master the art of selling anything [ |h kits] |c Tom Hopkins |
| 260 | |a Arizona : |b Tom Hopkins Champions Unlimited , |c 1979 | ||
| 300 | |a 12 sound cassettes |e 1 handbook | ||
| 650 | 0 | 0 | |a Telephone selling |x Sales presentations |x Product demonstrations |
| 999 | |a 00044 |b KASET DAN BUKU PANDUAN |c KOLEKSI AUDIO VIDEO |e PERPUSTAKAAN KOMUNITI PETALING JAYA | ||